000 01015nam a2200301 i 4500
001 000038991
003 DO-SdBNP
005 20260427102659.0
007 ta
008 130510s1983 dr c 000 0 spa d
040 _aDO-SdBNP
_bspa
_cBNPHU
_erda
041 _aspa
082 4 _a324.6097293
_bB988t
_222
100 _aButten Varona, Nelson,
_eautor
_4aut.
_965238
245 1 0 _aTemas electorales 1980-1982
_cNelson Butten Varona
264 1 _aSanto Domingo >
_bJunta Central Electoral,
_c1983.
300 _a144 páginas :
_bretratos ;
_c18 cm.
336 _atexto
_btxt
_2rdacontent
337 _asin mediación
_bn
_2rdamedia
338 _avolumen
_bnc
_2rdacarrier
504 _aBibliografía : página 144
590 _aInventariado, 2026/BT
610 1 0 _aRepública Dominicana.
_bJunta Central Electoral
_964605
650 4 _aElecciones
_zRepública Dominicana
_92992
651 4 _aRepública Dominicana
_xPolítica y gobierno
_y1961
_9204
910 _aValidado. Control de calidad MFF
942 _2ddc
_cLBS1
999 _c38481
_d38481